[Event "Wch U20 54th"]
[Site "Khanty-Mansiysk"]
[Date "2015.09.06"]
[Round "5"]
[White "El Fazari, Mohamed Amin"]
[Black "Hasenohr, Benedict"]
[Result "0-1"]
[WhiteElo "1832"]
[BlackElo "2309"]
[PlyCount "56"]
[EventDate "2015.09.02"]
[EventType "swiss"]
[EventRounds "13"]
[EventCountry "RUS"]
[SourceTitle "EXT 2016"]
[Source "ChessBase"]
[SourceDate "2015.10.08"]
[SourceVersion "1"]
[SourceVersionDate "2015.10.08"]
[SourceQuality "1"]

1. d4 e6 2. c4 d5 3. Nc3 c6 4. Nf3 Nd7 5. g3 dxc4 6. Bg2 b5 7. 0-0 Bb7 8. e4 Qb6 9. Be3 0-0-0 10. Ng5 Nh6 11. Qf3 c5 12. Rfd1 f6 13. dxc5 Bxc5 14. Rxd7 Rxd7 15. Bxc5 Qxc5 16. Nxe6 Qe5 17. Nf4 f5 18. Qh5 Re8 19. Nxb5 g6 20. Nxa7+ Kb8 21. Qxh6 Qxb2 22. Re1 Kxa7 23. Ne2 Qd2 24. Qxd2 Rxd2 25. Nc3 fxe4 26. Nxe4 Bxe4 27. Bxe4 c3 28. f3 c2 0-1

[Event "Wch U20 54th"]
[Site "Khanty-Mansiysk"]
[Date "2015.09.04"]
[Round "3"]
[White "Taalaibekov, Tagir"]
[Black "El Fazari, Mohamed Amin"]
[Result "1-0"]
[WhiteElo "2222"]
[BlackElo "1832"]
[PlyCount "123"]
[EventDate "2015.09.02"]
[EventType "swiss"]
[EventRounds "13"]
[EventCountry "RUS"]
[SourceTitle "EXT 2016"]
[Source "ChessBase"]
[SourceDate "2015.10.08"]
[SourceVersion "1"]
[SourceVersionDate "2015.10.08"]
[SourceQuality "1"]

1. d4 d5 2. c4 c6 3. Nf3 Nf6 4. e3 e6 5. Nbd2 Nbd7 6. Bd3 Bd6 7. 0-0 0-0 8. e4 dxe4 9. Nxe4 Nxe4 10. Bxe4 f5 11. Bc2 Nf6 12. Qe2 Qc7 13. b3 b6 14. Bb2 Re8 15. c5 Bf8 16. Rac1 b5 17. Ne5 Bb7 18. f4 Rad8 19. Rf3 a5 20. Rh3 g6 21. a3 Nd5 22. Rf1 b4 23. a4 Bg7 24. Bd3 Re7 25. g4 Rf8 26. gxf5 exf5 27. Bc4 Rd8 28. Qf2 Bf6 29. Rf3 Bc8 30. h4 Rg7 31. Kh1 Be6 32. Rh3 Kh8 33. Rg1 Rc8 34. Qf3 Bxe5 35. dxe5 Qf7 36. Rd1 Rd8 37. Kh2 Rd7 38. Rd3 Kg8 39. Kg3 Qe7 40. Qf2 h6 41. Kh2 Kh7 42. Rhf3 Kg8 43. Ba1 Kh7 44. Rd2 Rd8 45. Rfd3 Qf7 46. Bb2 Rgg8 47. Rd1 Qe7 48. Rg1 Qf7 49. Kg2 Qe7 50. Rgd1 Kg7 51. Kf1 Kf7 52. Ke2 g5 53. fxg5 hxg5 54. Bxd5 Rxd5 55. Rxd5 cxd5 56. hxg5 Qxg5 57. Rd3 Qh5+ 58. Rf3 Rg4 59. c6 Qh1 60. Rxf5+ Ke7 61. Qc5+ Kd8 62. Qd6+ 1-0

[Event "Wch U20 54th"]
[Site "Khanty-Mansiysk"]
[Date "2015.09.03"]
[Round "2"]
[White "El Fazari, Mohamed Amin"]
[Black "Popov, Mikhail"]
[Result "0-1"]
[WhiteElo "1832"]
[BlackElo "2327"]
[PlyCount "54"]
[EventDate "2015.09.02"]
[EventType "swiss"]
[EventRounds "13"]
[EventCountry "RUS"]
[SourceTitle "EXT 2016"]
[Source "ChessBase"]
[SourceDate "2015.10.08"]
[SourceVersion "1"]
[SourceVersionDate "2015.10.08"]
[SourceQuality "1"]

1. d4 Nf6 2. c4 g6 3. Nc3 Bg7 4. e4 d6 5. f3 0-0 6. Be3 Nc6 7. Qd2 a6 8. Nge2 Na5 9. Nf4 b5 10. cxb5 axb5 11. Bxb5 Nb3 12. Qd1 Nxa1 13. Qxa1 Nd7 14. h4 h6 15. Qc1 e5 16. Nfe2 Kh7 17. g4 exd4 18. Nxd4 Ba6 19. h5 g5 20. Bxd7 Qxd7 21. Nf5 Be5 22. Nd5 Qb5 23. Qd2 Qd3 24. Nxc7 Qb1+ 25. Qc1 Qxc1+ 26. Bxc1 Rac8 27. Kf2 Rxc7 0-1